La noche (Record no. 35557)

MARC details
000 -LEADER
campo de control de longitud fija 00522nam a2200181 i 4500
001 - NÚMERO DE CONTROL
campo de control 35557
003 - IDENTIFICADOR DE NÚMERO DE CONTROL
campo de control ES-MaACL
005 - FECHA Y HORA DE LA ÚLTIMA TRANSACCIÓN
campo de control 20250804063354.0
007 - CAMPO FIJO DE DESCRIPCIÓN FÍSICA--INFORMACIÓN GENERAL
campo de control de longitud fija t|
008 - DATOS DE LONGITUD FIJA--INFORMACIÓN GENERAL
campo de control de longitud fija 030213s1959 sp ||||1| spa d
100 1# - ENTRADA PRINCIPAL--NOMBRE DE PERSONA
Nombre de persona Bosch, Andrés,
Fechas asociadas al nombre 1926-1984
9 (RLIN) 160182
245 13 - MENCIÓN DEL TÍTULO
Título La noche
Resto del título : novela /
Mención de responsabilidad, etc. Andrés Bosch.
260 ## - PUBLICACIÓN, DISTRIBUCIÓN, ETC.
Lugar de publicación, distribución, etc. Barcelona :
Nombre del editor, distribuidor, etc. Planeta,
Fecha de publicación, distribución, etc. [1959] (
Fabricante Saturno)
300 ## - DESCRIPCIÓN FÍSICA
Extensión 343 p. ;
Dimensiones 19 cm.
500 ## - NOTA GENERAL
Nota general Premio Editorial Planeta 1959.
852 ## - LOCALIZACIÓN
Ubicación ES-MaACL
Número de control de estantería C-17018
Sublocalización o colección R.45466
Holdings
Estatus retirado Estado de pérdida Estado de daño No para préstamo Biblioteca de origen Biblioteca actual Ubicación en estantería Fecha de adquisición Fuente de adquisición Total de préstamos Signatura topográfica completa Código de barras Visto por última vez Precio de reemplazo Tipo de ítem Koha
        Biblioteca del Ateneo de Madrid Biblioteca del Ateneo de Madrid Galería 17/01/2008     C-17018 1037221 23/02/2023 23/02/2023 Libro impreso